000 00918nam0a22002171i 4500
001 rc\488201
005 20240726064236.0
035 _a(NLR Aleph) 005730390
090 _a7572662
_c7572662
100 _a20030616d1988 u |0rusy50 ca
101 0 _arus
102 _aRU
105 _ay |||||||||
200 1 _aСредства сочленения предикативных единиц в древнерусском тексте
_e(На материале Киево-Печер. патерика)
_eАвтореф. дис. на соиск. учен. степ. канд. филол. наук
_e(10.02.01)
_fТадж. гос. ун-т им. В.И. Ленина, Фак. рус. яз. и лит.
210 _aДушанбе
_d1988
215 _a23 с.
700 1 _aБрукер
_bН.И.
_gНаталья Ильинична
801 0 _aRU
_bNLR
_gpsbo
801 1 _aRU
_bELAR
_2rusmarc
852 _aNLR
_jА88/19669
942 _cBOOK